000 00577nam a2200217Ia 4500
003 OSt
005 20220928135449.0
006 a|||||r|||| 00| 0
007 ta
008 220927b |||||||| |||| 00| 0 eng d
024 _a2336
037 _cTextual
040 _aSDCL
_cSDCL
_beng
041 _2eng
_aeng
082 _aO-,Jx, M8
100 _aBrennan Michael
_9490807
245 0 _aLiterary patronage in the english reanaissance
_b the pembroke family
260 _c1988
942 _hO-,Jx, M8
_cTEXL
_2CC
999 _c806147
_d806147